[Event "US Open-95"]
[Site "Chicago"]
[Date "1994.??.??"]
[Round "3"]
[White "Bachler, Kevin L"]
[Black "Curdo, John"]
[Result "0-1"]
[WhiteElo "2224"]
[BlackElo "2315"]
[PlyCount "66"]
[EventDate "1994.08.07"]
[EventType "swiss"]
[EventRounds "12"]
[EventCountry "USA"]
[SourceTitle "EXT 1997"]
[Source "ChessBase"]
[SourceDate "1996.11.15"]
[SourceVersion "1"]
[SourceVersionDate "1996.11.15"]
[SourceQuality "1"]

1. e4 e5 2. Nf3 Nc6 3. Bc4 Nf6 4. d4 exd4 5. 0-0 Nxe4 6. Re1 d5 7. Bxd5 Qxd5 8. Nc3 Qa5 9. Nxe4 Be6 10. Neg5 0-0-0 11. Nxe6 fxe6 12. Rxe6 h6 13. Qe2 Bd6 14. Bd2 Qh5 15. Re1 d3 16. Qe4 Rhf8 17. cxd3 Rxf3 18. gxf3 Qxh2+ 19. Kf1 Qh3+ 20. Ke2 Nd4+ 21. Qxd4 Qxe6+ 22. Kd1 Qxa2 23. Qg4+ Kb8 24. Qxg7 Qb1+ 25. Ke2 Re8+ 26. Be3 Qc2+ 27. Kf1 Qxd3+ 28. Kg2 b6 29. Rh1 Rxe3 30. fxe3 Qe2+ 31. Kg1 Qxe3+ 32. Kg2 Qe2+ 33. Kg1 Bc5+ 0-1